• 首页
  • 本馆介绍
  • 公告通知
  • 最新文献
  • 馆藏检索
  • 电子资源
  • 读者导购
  • 参考咨询
  • 我的图书馆
  • 登录
  • 详细信息显示
  • 放入我的书架
  • 预约/预借图书
  • 作者相关作品
  • 分类相关作品
  • 丛书相关作品
  • 出版社相关作品

书目信息

  • 表格格式
  • 工作单格式
  • 卡片格式
题名:
苹果的味道
    
 
作者: 袁烨 编著
分册:  
出版信息: 北京   机械工业出版社  2012
页数: 283页
开本: 24cm
丛书名:
单 册:
中图分类: TP368.32
科图分类:
主题词: 便携式计算机--基本知识
电子资源:
ISBN: 978-7-111-36530-3
000 01286nam 2200265 45
001 1256834484
005 20120626163312.62
010    @a978-7-111-36530-3@dCNY59.80
100    @a20120626d2012 em y0chiy0121 ea
101 0  @achi
102    @aCN@b110000
105    @aa z 000yy
106    @ar
200 1  @a苹果的味道@APing Guo De Wei Dao@d= The flavour of apples@eiPad商务应用每一天@EiPad Shang Wu Ying Yong Mei Yi Tian@f袁烨编著@FYuan Ye Bian Zhu@zeng
210    @a北京@c机械工业出版社@d2012
215    @a283页@c彩图@d24cm
312    @a英文并列题名取自封面
330    @a本书是一本介绍iPad商务应用的书。编者从App Store丰富的应用程序库中选取了MobileRSS、Pocket Informant HD、iWork、MindPad、乐顺笔记本等二十多款经典的应用程序, 从商务资讯的获取、商务日程安排、商务文档的制作和演示等八个商务应用方面, 以图文并茂的方式介绍了这些应用程序在商务工作中的使用方法。通过本书, 读者可以快速掌握这些应用程序的使用方法, 使读者的iPad的商务应用水平更上一层楼, 在工作上获得事半功倍的效果。
510 1  @aFlavour of apples@zeng
517 1  @aiPad商务应用每一天@AiPad Shang Wu Ying Yong Mei Yi Tian
606 0  @a便携式计算机@x基本知识
690    @aTP368.32@v4
701  0 @a袁烨@AYuan Ye@4编著
801  0 @aCN@b大连网信软件有限公司图书馆·11@c20120626
905    @b0819652-54@dTP368.32@e437@f3
    
    苹果的味道= The flavour of apples:iPad商务应用每一天/袁烨编著.-北京:机械工业出版社,2012
    283页:彩图;24cm
    
    
    ISBN 978-7-111-36530-3:CNY59.80
    本书是一本介绍iPad商务应用的书。编者从App Store丰富的应用程序库中选取了MobileRSS、Pocket Informant HD、iWork、MindPad、乐顺笔记本等二十多款经典的应用程序, 从商务资讯的获取、商务日程安排、商务文档的制作和演示等八个商务应用方面, 以图文并茂的方式介绍了这些应用程序在商务工作中的使用方法。通过本书, 读者可以快速掌握这些应用程序的使用方法, 使读者的iPad的商务应用水平更上一层楼, 在工作上获得事半功倍的效果。
●
相关链接 在E读中查询图书 在五车中查询图书 在当当中查询图书 在豆瓣中查询图书


正题名:苹果的味道     索取号:TP368.32/437         预约/预借

序号 登录号 条形码 馆藏地/架位号 状态 备注
1 0819652   208196520   第二样本阅览室/ [索取号:TP368.32/437] 在馆    
2 0819653   208196539   第三借阅区/ [索取号:TP368.32/437] 在馆    
3 0819654   208196548   密集书库—计算机科学学院/ [索取号:TP368.32/437] 在馆    
唐山师范学院图书馆 欢迎您!
大连网信软件有限公司© 版权所有